000
00357nam a2200133Ia 4500
008
230411s9999 xx 000 0 und d
041
_a
eng
082
_a
X/891/KAH/B06612
100
_a
Kahate Atul
_9
179203
245
_a
Kahani Flu Chi : Influenza te swine flu
260
_b
Manovikas Prakashan
_a
Pune
_c
2010
300
_a
216p
999
_c
156978
_d
156978